Case of escherichia coli resistance to antibiotic of nursery pig in boeng krum commune, lea em district, kandal province, ករណី Escherichia Coli ស៊ាំនឹងឳសថអង់ទីប៊ីយ៉ូទិកលើកូនជ្រូក នៅឃុំបឹងគ្រុំ ស្រុកល្វាឯម ខេត្តកណ្ដាល (Record no. 25817)

000 -LEADER
fixed length control field 00654nam a22001217a 4500
040 ## - CATALOGING SOURCE
Transcribing agency RUA
082 ## - DEWEY DECIMAL CLASSIFICATION NUMBER
Classification number AVM CHR 2025 B705 Or.1
100 ## - MAIN ENTRY--AUTHOR NAME
Personal name CHREY MENGLIM, ជ្រី ម៉េងលីម
245 ## - TITLE STATEMENT
Title Case of escherichia coli resistance to antibiotic of nursery pig in boeng krum commune, lea em district, kandal province, ករណី Escherichia Coli ស៊ាំនឹងឳសថអង់ទីប៊ីយ៉ូទិកលើកូនជ្រូក នៅឃុំបឹងគ្រុំ ស្រុកល្វាឯម ខេត្តកណ្ដាល
260 ## - PUBLICATION, DISTRIBUTION, ETC. (IMPRINT)
Place of publication PHNOM PENH
Name of publisher RUA
Year of publication 2025
300 ## - PHYSICAL DESCRIPTION
Number of Pages xi,38p.
Other physical details ill.
Dimensions 29cm.
942 ## - ADDED ENTRY ELEMENTS (KOHA)
Koha item type AVM
952 ## - LOCATION AND ITEM INFORMATION (KOHA)
Withdrawn status [LOCAL, KOHA] 0
952 ## - LOCATION AND ITEM INFORMATION (KOHA)
Withdrawn status [LOCAL, KOHA] 0
Holdings
Permanent Location Date acquired Koha item type Lost status Shelving location Barcode Current Location Full call number
Library Block B2026-05-26AVM B705B712973Library Block BAVM CHR 2025 B705 Or.1
Library Block B2026-05-26AVM B705B712974Library Block BAVM CHR 2025 B705 Or.2
មជ្ឈមណ្ឌលឯការនៃសាកលវិទ្យាល័យភូមិន្ទកសិកម្មចំការដូង

Powered by Koha